MARC details
| 000 -LÍDER |
| campo de controle de tamanho fixo |
02049nam a2200313 4500 |
| 001 - NÚMERO DE CONTROLE |
| campo de controle |
316 |
| 003 - IDENTIFICADOR DO NÚMERO DE CONTROLE |
| campo de controle |
OSt |
| 005 - DATA E HORÁRIO DA ÚLTIMA TRANSAÇÃO |
| campo de controle |
20250326090921.0 |
| 008 - CAMPO DE DADOS FIXOS--INFORMAÇÃO GERAL |
| campo de controle de tamanho fixo |
250325b |||||||| |||| 00| 0 eng d |
| 040 ## - FONTE DA CATALOGAÇÃO |
| Idioma da catalogação |
por |
| 041 ## - CÓDIGO DE IDIOMA |
| Código do idioma do original e/ou traduções intermediárias do texto |
ger |
| Código do idioma do texto/trilha sonora ou título diferente |
por |
| 082 ## - CDD - CLASSIFICAÇÃO DECIMAL DE DEWEY |
| Número de Classificação |
142 |
| Número do exemplar |
K16c |
| 100 ## - ENTRADA PRINCIPAL--NOME PESSOAL |
| Nome pessoal |
Kant, Immanuel |
| Datas associadas ao nome |
1724 - 1804 |
| 9 (RLIN) |
3 |
| 240 ## - TÍTULO UNIFORME |
| Título uniforme |
KRITIK DER REINEN VERNUNFT |
| 245 ## - TÍTULO |
| Título |
Crítica da razão pura / |
| Indicação de responsabilidade, etc. |
Kant, Immanuel ; |
| 260 ## - PUBLICAÇÃO, DISTRIBUIÇÃO, ETC. |
| Local de publicação, distribuição, etc. |
Espírito Santo |
| Nome do editor, distribuidor, etc. |
Formar |
| Data da publicação, distribuição, etc. |
1978 |
| 300 ## - DESCRIÇÃO FÍSICA |
| Extensão |
172 p. |
| 490 1# - TÍTULO DA SÉRIE |
| Título da série |
Grandes Mestres do Pensamento |
| Número do volume ou designação sequencial da série |
Livro 5 |
| 500 ## - NOTA GERAL |
| Nota geral |
Volume 5 da Coleção "Grande Mestres do Pensamentos". |
| 520 ## - NOTA DE RESUMO, ETC. |
| Resumo, etc. |
O livro busca investigar os limites e as possibilidades do conhecimento humano, estabelecendo as bases do idealismo transcendental.<br/><br/>Kant distingue dois tipos de conhecimento:<br/><br/>A priori (independente da experiência)<br/><br/>A posteriori (derivado da experiência)<br/><br/>Ele argumenta que nossa mente estrutura a experiência por meio de formas puras da intuição sensível (espaço e tempo) e das categorias do entendimento (como causalidade e substância). Assim, nosso conhecimento é condicionado por esses elementos, tornando impossível conhecer a "coisa em si" (noumeno), apenas os fenômenos, que são a realidade conforme aparece para nós.<br/><br/>A obra critica tanto o racionalismo (que confia na razão pura para conhecer a realidade) quanto o empirismo (que sustenta que todo conhecimento vem da experiência). Kant busca uma síntese entre esses extremos, mostrando que a razão tem limites e não pode, por si só, provar a existência de Deus, da alma ou da liberdade.<br/><br/>O impacto da Crítica da Razão Pura foi enorme, influenciando toda a filosofia posterior, especialmente o idealismo alemão, e estabelecendo os fundamentos da epistemologia moderna. |
| 650 #0 - ASSUNTO--TERMO TÓPICO |
| Cabeçalho tópico ou nome geográfico |
Literatura Alemã |
| 9 (RLIN) |
365 |
| 650 #0 - ASSUNTO--TERMO TÓPICO |
| Cabeçalho tópico ou nome geográfico |
Empirismo |
| 9 (RLIN) |
632 |
| 650 #0 - ASSUNTO--TERMO TÓPICO |
| Cabeçalho tópico ou nome geográfico |
Racionalismo |
| 9 (RLIN) |
631 |
| 650 #0 - ASSUNTO--TERMO TÓPICO |
| Cabeçalho tópico ou nome geográfico |
Filosofia |
| 9 (RLIN) |
4 |
| 655 #0 - TERMO DE ÍNDICE--GÊNERO E FORMA |
| Gênero/forma/ou termo foco |
Não Ficção |
| 655 #0 - TERMO DE ÍNDICE--GÊNERO E FORMA |
| Gênero/forma/ou termo foco |
Ensaio |
| 830 ## - ENTRADA SECUNDÁRIA DE SÉRIE--TÍTULO UNIFORME |
| Título uniforme |
Grandes Mestres do Pensamento |
| Número do volume ou designação sequencial da série |
vol. 5 |
| 9 (RLIN) |
596 |
| 942 ## - ELEMENTOS DE ENTRADA ADICIONADOS (KOHA) |
| Fonte de classificação ou esquema de arquivamento |
Classificação decimal de Dewey |
| Ocultar no OPAC |
Não |
| Tipo de material Koha |
Livros |